British Sitcoms 70s/80s: Character to series - Statistics

General Stats
  • This quiz has been taken 113 times
  • The average score is 7 of 10
Answer Stats
Hint Answer % Correct
Uncle Albert Only Fools and Horses
90%
Pike Dad's Army
89%
Lennie Godber Porridge
88%
Compo Last of the Summer Wine
86%
Margot Leadbetter The Good Life
80%
Miss Jones Rising Damp
75%
Cuthbert Rumbold Are you being served
68%
Polly Fawlty Towers
64%
Beryl Hennessey The Liver Birds
27%
Uncle Mort I Didn't Know You Cared
9%
No matching quizzes found
Score Distribution
Percent of People with Each Score
Percentile by Number Answered
Your Score History
You have not taken this quiz